000 00751nam a22002537a 4500
005 20170124110229.0
010 _aA-700047
020 _c350.00
_a8185470715
035 _aA-700047
037 _bCen Lib/Ret
040 _aDPL
_bEN
082 _a346.06
_bSAS
100 _aSastri, L.S.
_941127
245 _aSocieties registration act :
_cby S.L. Sastri
_bcentral and states /
246 _b
250 _a9nd ed
260 _bThe Law Book Conmpany
_aAllahabad
_c1995
270 _bAllahabad
_a1-004, sardar patel marg
_e211001
300 _axxiv, 479p.
_c23cm(Hb)
500 _aIncludes appendix and index
650 _aLaw
_9104
650 _aSocieties registration act
_941128
942 _2ddc
_cEN
_h346.06
_mSAS
999 _c134569
_d134569